Prince Caspian : (Record no. 290)

MARC details
000 -LEADER
fixed length control field 01002pam a2200313 a 4500
001 - CONTROL NUMBER
control field 290
003 - CONTROL NUMBER IDENTIFIER
control field FISKH
005 - DATE AND TIME OF LATEST TRANSACTION
control field 20230317094832.0
008 - FIXED-LENGTH DATA ELEMENTS--GENERAL INFORMATION
fixed length control field 850801r1986 nyua j 000 1 eng
010 ## - LIBRARY OF CONGRESS CONTROL NUMBER
LC control number 85018999
040 ## - CATALOGING SOURCE
Original cataloging agency DLC
Transcribing agency DLC
Modifying agency DLC
-- FISKH
Language of cataloging eng
042 ## - AUTHENTICATION CODE
Authentication code lcac
050 00 - LIBRARY OF CONGRESS CALL NUMBER
Classification number PZ7.L58474
Item number Pr 1986
082 00 - DEWEY DECIMAL CLASSIFICATION NUMBER
Classification number 823.912
Edition number 19
100 1# - MAIN ENTRY--PERSONAL NAME
Personal name Lewis, C. S.
Fuller form of name (Clive Staples),
Dates associated with a name 1898-1963.
245 10 - TITLE STATEMENT
Title Prince Caspian :
Statement of responsibility, etc. C.S. Lewis ; illustrated by Pauline Baynes.
260 ## - PUBLICATION, DISTRIBUTION, ETC.
Place of publication, distribution, etc. New York :
Name of publisher, distributor, etc. Harper Collins
Date of publication, distribution, etc. 2015
300 ## - PHYSICAL DESCRIPTION
Extent 190 p. :
Other physical details ill. ;
Dimensions 18 cm.
490 1# - SERIES STATEMENT
Series statement The Chronicles of Narnia ;
Volume/sequential designation bk. 4
505 ## - FORMATTED CONTENTS NOTE
Formatted contents note M
520 ## - SUMMARY, ETC.
Summary, etc. Four children help Prince Caspian and his army of Talking Beasts to free Narnia from evil.
521 8# - TARGET AUDIENCE NOTE
Target audience note 870 <br/>
Source Lexile
521 8# - TARGET AUDIENCE NOTE
Target audience note M <br/>
Source Raz-Plus
650 #1 - SUBJECT ADDED ENTRY--TOPICAL TERM
Topical term or geographic name entry element Fantasy.
700 1# - ADDED ENTRY--PERSONAL NAME
Personal name Baynes, Pauline,
Relator term ill.
800 1# - SERIES ADDED ENTRY--PERSONAL NAME
Personal name Lewis, C. S.
Fuller form of name (Clive Staples),
Dates associated with a name 1898-1963.
Volume/sequential designation bk. 4
906 ## - LOCAL DATA ELEMENT F, LDF (RLIN)
a 7
b cbc
c orignew
d 1
e ocip
f 19
g y-gencatlg
942 ## - ADDED ENTRY ELEMENTS (KOHA)
Source of classification or shelving scheme Dewey Decimal Classification
Koha item type Books
Suppress in OPAC No
Holdings
Withdrawn status Lost status Source of classification or shelving scheme Damaged status Not for loan Collection Home library Current library Shelving location Date acquired Total Checkouts Full call number Barcode Date last seen Price effective from Koha item type
    Dewey Decimal Classification     Juvenile Fiction Footprints International School Library Network Toul Kork Campus Footprints International School Library Network Toul Kork Campus   03/16/2023   LEW 823.912 PZ7.L58474 2023-0028 03/16/2023 03/16/2023 Books